Normal view MARC view
  • DIGITAL INTEGRATED CIRCUITS BIPOLAR TRANSISTORS METAL OXIDE SEMICONDUCTORS GALLIUM ARSENIDE

Entry Topical Term

Number of records used in: 1

001 - CONTROL NUMBER

  • control field: 75991

003 - CONTROL NUMBER IDENTIFIER

  • control field: NUST

005 - DATE AND TIME OF LATEST TRANSACTION

  • control field: 20210628205538.0

008 - FIXED-LENGTH DATA ELEMENTS

  • fixed length control field: 210628|| aca||aabn | a|a d

040 ## - CATALOGING SOURCE

  • Original cataloging agency: NUST
  • Transcribing agency: NUST

150 ## - HEADING--TOPICAL TERM

  • Topical term or geographic name entry element: DIGITAL INTEGRATED CIRCUITS BIPOLAR TRANSISTORS METAL OXIDE SEMICONDUCTORS GALLIUM ARSENIDE

670 ## - SOURCE DATA FOUND

  • Source citation: Work cat.: (NUST): BARNA, ARPAD 75990, VHSIC TECHNOLOGIES AND TRADE OFFS VERY HIGH SPEED INTEGRATED CIRCUITS, 1981
© 2023 Central Library, National University of Sciences and Technology. All Rights Reserved.